History of the Pathans (Record no. 549832)
[ view plain ]
| 000 -LEADER | |
|---|---|
| fixed length control field | 00471nam a22001457a 4500 |
| 082 ## - DEWEY DECIMAL CLASSIFICATION NUMBER | |
| Classification number | 954.91 |
| Author Mark | RAS |
| -- | Donation |
| 100 ## - MAIN ENTRY--PERSONAL NAME | |
| Personal name | Brig (R) Haroon Ur Rashid, SI(M) |
| 9 (RLIN) | 46514 |
| 245 ## - TITLE STATEMENT | |
| Title | History of the Pathans |
| 250 ## - EDITION STATEMENT | |
| Edition statement | 4th |
| 260 ## - PUBLICATION, DISTRIBUTION, ETC. | |
| Place of publication, distribution, etc. | Printo Grapics 4, Ali Plaza, 27 East, Block B, Fazal-e Haq Road Blue Area, Islamabad |
| Name of publisher, distributor, etc. | Brig (R) Haroon Ur Rashid |
| Date of publication, distribution, etc. | 2011 |
| 300 ## - PHYSICAL DESCRIPTION | |
| Extent | P-532 |
| Other physical details | Illus |
| 526 ## - STUDY PROGRAM INFORMATION NOTE | |
| Program name | 0 |
| Interest level | 0 |
| Reading level | 0 |
| Title point value | 954_910000000000000_RAS |
| 650 ## - SUBJECT ADDED ENTRY--TOPICAL TERM | |
| Topical term or geographic name entry element | MCE |
| 9 (RLIN) | 379 |
| 942 ## - ADDED ENTRY ELEMENTS (KOHA) | |
| Source of classification or shelving scheme | |
| Koha item type | Book |
| Withdrawn status | Lost status | Source of classification or shelving scheme | Damaged status | Not for loan | Permanent Location | Current Location | Date acquired | Total Checkouts | Full call number | Barcode | Date last seen | Date last checked out | Price effective from | Koha item type |
|---|---|---|---|---|---|---|---|---|---|---|---|---|---|---|
| Military College of Engineering (MCE) | Military College of Engineering (MCE) | 10/15/2014 | 1 | 954.91 RAS | MCE-39528 | 12/22/2015 | 11/20/2015 | 10/15/2014 | Book |
